Święty Stanisław Kostka

Titel: Święty Stanisław Kostka : patron Polski i młodzieży / Stanisław Mrozek
Verfasser:
Veröffentlicht: Kraków : Wydawnictwo WAM, 2010
Umfang: 136 Seiten : Illustrationen ; 20 cm
Format: Buch
Sprache: Polnisch
Schlagworte:
ISBN: 8375056235 ; 9788375056235
Buchumschlag
X
alg: 35659694
001A    $03004:06-03-15 
001B    $01999:01-06-25 $t15:59:08.000 
001D    $03004:30-03-15 
001U    $0utf8 
001X    $00 
002@    $0Aau 
002C    $aText $btxt $2rdacontent 
002D    $aohne Hilfsmittel zu benutzen $bn $2rdamedia 
002E    $aBand $bnc $2rdacarrier 
003@    $035659694X 
004A    $083-7505-623-5 
004A    $A978-83-7505-623-5 
007A    $0BV037302289 $aBVB 
007G    $0DE020E155397BD82D5284C1257E27003E4A91 
009P    $A2 $3Inhaltsverzeichnis $uhttp://bvbr.bib-bvb.de:8991/F?func=service&doc_library=BVB01&local_base=BVB01&doc_number=021214668&line_number=0001&func_code=DB_RECORDS&service_type=MEDIA 
009P    $qapplication/pdf $A2 $3Inhaltsverzeichnis $uhttp://scans.hebis.de/HEBCGI/show.pl?35659694_toc.pdf $mV:DE-603;B:DE-Mb50 
010@    $apol 
011@    $a2010 $n2010 
013D    $RBiograf $RLebenslauf $RBiografik $#Biographies $#Biography $#Biographies -- Histoire et critique $#Biographie $#Biographisches Nachschlagewerk $#Lebensbeschreibung $#Berühmte Persönlichkeit Biografie $#Biografisches Nachschlagewerk $74006804-3 $8Biografie [Ts1] $9085010375 
021A    $aŚwięty Stanisław Kostka $dpatron Polski i młodzieży $hStanisław Mrozek 
028A    $BVerfasser $#Mrozek, Stanislaw $4aut $7 $8Mrożek, Stanisław [Tnd] $9138768374 
033A    $pKraków $nWydawnictwo WAM 
034D    $a136 Seiten 
034I    $a20 cm 
034M    $aIllustrationen 
044K    $qBVB $#Kostka, Stanisław $#Kostka, Stanislaus $#Stanislaus  $#Stanisław  $#Stanislas  $#Stanislaus  $#Stanislaus  $#Stanislas  $#Stanislaus  $#Kostke, Stanislaus $#Kostke, Stanisław $#Koska, Stanislaus $7119208792 $8Kostka, Stanislas$Z1550-1568 [Tp1] $9087548771 
045F    $eDDC22ger 
045F/01 $a929 
045F/03 $f09031 
045F/03 $g438 

lok: 35659694 24

exp: 35659694 24 1 #EPN
201B/01 $030-03-15 $t13:44:30.000 
201C/01 $006-03-15 
201U/01 $0utf8 
203@/01 $0751249327 
208@/01 $a30-03-15 $bz 
209A/01 $a15.02848 $du $f050 $h15 02848 $x00 
209C/01 $a15.02848 K $h15 02848 K 
209G/01 $a73516722 $x00 
220C/01 $awal 
244Z/01 $#Kostka, Stanisław $#Kostka, Stanislaus $#Stanislaus  $#Stanisław  $#Stanislas  $#Stanislaus  $#Stanislaus  $#Stanislas  $#Stanislaus  $#Kostke, Stanislaus $#Kostke, Stanisław $#Koska, Stanislaus $7119208792 $8--Tp1--Kostka, Stanislas$Z1550-1568 $x01 $9087548771 
247C/01 $8358050-7 Marburg, Bibliothek des Herder-Instituts Marburg $9102600961 

lok: 35659694 78

exp: 35659694 78 1 #EPN
201B/01 $012-10-22 $t09:51:07.000 
201C/01 $012-10-22 
201U/01 $0utf8 
203@/01 $01215887736 
208@/01 $a12-10-22 $be 
209A/01 $a/ $f000 $x00 
209A/01 $ab*p $x01 
220C/01 $aeja 
244Z/01 $#Generalgouvernement Polen $#Polska $#Rzeczpospolita Polska $#Polska Rzeczpospolita Ludowa $#Poland $#Pologne $#République Polonaise $#Generalne Gubernatorstwo w Polsce $#Polish People's Republic $#Polska Rzeczpospolita Polen $#PRL $#RP $#Polen Generalgouvernement $#Polska Generalgouvernement $#Besetzte Polnische Gebiete $#Besetztes Gebiet in Polen $#Okupowane Polskie Obszary $#Obszary Okupowane w Polsce $#Volksrepublik Polen $#Polska Rosyjska $#Republic Polen $#Respublika Pol'ša $#Pol'skaja Narodnaja Respublika $#République de Pologne $#Polen Links der Weichsel $#Polska po Lewej Stronie Wisły $#Lenkija $#Polija $#Gubernija Carstva Pol'skago $#Republik Polen $74046496-9 $8--Tg1--Polen $x01 $9085129801 
244Z/01 $#Saints $#Saints $#Santi $#Santos cristianos $#Nothelfer $74024055-1 $8--Ts1--Heiliger $x20 $9085059803 
247C/01 $82080>Marburg/Lahn, Herder-Institut, Forschungsbibliothek, Bibliographieportal $9336309341
LEADER 00000cam a2200000 c 4500
001 35659694X
003 DE-603
005 20250601155908.0
007 tu
008 150306s2010 xx |||| | u00||u|pol c
020 |a 8375056235 
020 |a 9788375056235 
035 |a (DE-599)BVBBV037302289 
040 |a DE-603  |b ger  |c DE-603  |d DE-603 
041 |a pol 
085 |8 1\u  |b 929 
085 |8 1\u  |z 1  |s 09031 
085 |8 1\u  |z 2  |s 438 
100 1 |a Mrożek, Stanisław  |e Verfasser  |4 aut  |0 (DE-603)138768374 
245 0 0 |a Święty Stanisław Kostka  |b patron Polski i młodzieży  |c Stanisław Mrozek 
264 1 |a Kraków  |b Wydawnictwo WAM  |c 2010 
300 |a 136 Seiten  |b Illustrationen  |c 20 cm 
336 |a Text  |b txt  |2 rdacontent 
337 |a ohne Hilfsmittel zu benutzen  |b n  |2 rdamedia 
338 |a Band  |b nc  |2 rdacarrier 
600 1 7 |a Kostka, Stanislas  |d 1550-1568  |0 (DE-588)119208792  |0 (DE-603)087548771  |2 gnd 
655 7 |a Biografie  |2 gnd-content  |0 (DE-588)4006804-3  |0 (DE-603)085010375 
856 4 2 |u http://bvbr.bib-bvb.de:8991/F?func=service&doc_library=BVB01&local_base=BVB01&doc_number=021214668&line_number=0001&func_code=DB_RECORDS&service_type=MEDIA  |3 Inhaltsverzeichnis 
856 4 2 |m V:DE-603;B:DE-Mb50  |q application/pdf  |u http://scans.hebis.de/HEBCGI/show.pl?35659694_toc.pdf  |3 Inhaltsverzeichnis 
924 0 |9 Mb 50  |a (DE-603)751249327  |b DE-Mb50  |c HES  |d c  |g 15.02848 
924 0 |9 2080  |a (DE-603)1215887736  |b DE-2080  |c HES  |d d  |g /